000
00272nam a22001097a 4500
082
_a
507 WOO'T
100
_a
WOODBURN, JOHN H,OBOURN, ELLSWORTH S
_9
77123
245
_a
TEACHING THE PURSUIT OF SCIENCE
260
_a
NEWYORK
_b
MACMILLAN
_c
1965
300
_a
470P
942
_c
BK
999
_c
582451
_d
582451